| 000 | 00373nam a22001697a 4500 | ||
|---|---|---|---|
| 005 | 20260619090324.0 | ||
| 020 | _a9788198810588 | ||
| 041 | _aEnglish | ||
| 082 | _aT16 R25 PAN | ||
| 100 | _aPandian R | ||
| 245 | _aDindigullil Nila Varuvai Nirvaagam, 1790-1818 | ||
| 250 | _a01 | ||
| 260 |
_aChennai _bNCBH _c2025 |
||
| 300 | _a124 | ||
| 365 | _b120.00 | ||
| 942 | _cBK | ||
| 999 |
_c177954 _d177954 |
||